Reference manual for UGC examinations : (Record no. 136230)
[ view plain ]
| 000 -LEADER | |
|---|---|
| fixed length control field | 00725nam a22002177a 4500 |
| 005 - DATE AND TIME OF LATEST TRANSACTION | |
| control field | 20170124110256.0 |
| 010 ## - LIBRARY OF CONGRESS CONTROL NUMBER | |
| LC control number | B-159856 |
| 020 ## - INTERNATIONAL STANDARD BOOK NUMBER | |
| Terms of availability | 775.00 |
| International Standard Book Number | 8188583545 |
| 035 ## - SYSTEM CONTROL NUMBER | |
| System control number | B-159856 |
| 037 ## - SOURCE OF ACQUISITION | |
| Source of stock number/acquisition | Cen Lib/Ret |
| 040 ## - CATALOGING SOURCE | |
| Original cataloging agency | DPL |
| Language of cataloging | EN |
| 082 ## - DEWEY DECIMAL CLASSIFICATION NUMBER | |
| Classification number | 910 |
| Item number | REF |
| 110 ## - MAIN ENTRY--CORPORATE NAME | |
| Corporate name or jurisdiction name as entry element | New Delhi.Reference Press |
| 9 (RLIN) | 118176 |
| 245 ## - TITLE STATEMENT | |
| Title | Reference manual for UGC examinations : |
| Remainder of title | NET,SLET,JRF and other UPSC competitive tests, Geography / |
| 260 ## - PUBLICATION, DISTRIBUTION, ETC. (IMPRINT) | |
| Place of publication, distribution, etc | New Delhi |
| Name of publisher, distributor, etc | Reference Press |
| Date of publication, distribution, etc | 2004 |
| 270 ## - ADDRESS | |
| City | New Delhi |
| Address | 4831/24, Ansari Road, Darya Ganj |
| Postal code | 110002 |
| 300 ## - PHYSICAL DESCRIPTION | |
| Extent | vii,397p. |
| Dimensions | 20cm(Hb) |
| 650 ## - SUBJECT ADDED ENTRY--TOPICAL TERM | |
| Topical term or geographic name as entry element | Examination guide -- NET and SLET |
| 9 (RLIN) | 118177 |
| 650 ## - SUBJECT ADDED ENTRY--TOPICAL TERM | |
| Topical term or geographic name as entry element | Guide -- geography |
| 9 (RLIN) | 118178 |
| 942 ## - ADDED ENTRY ELEMENTS (KOHA) | |
| Source of classification or shelving scheme | Dewey Decimal Classification |
| Koha item type | English Books |
| Classification part | 910 |
| Call number suffix | REF |
| Withdrawn status | Lost status | Damaged status | Not for loan | Home library | Current library | Date acquired | Source of acquisition | Cost, normal purchase price | Total Checkouts | Total Renewals | Full call number | Barcode | Date last seen | Date checked out | Copy number | Cost, replacement price | Price effective from | Koha item type | Source of classification or shelving scheme | Collection code |
|---|---|---|---|---|---|---|---|---|---|---|---|---|---|---|---|---|---|---|---|---|
| Central Library | Central Library | 05/01/2016 | Cen Lib/Ret | 775.00 | 1 | 2 | 910 REF | B-159856 | 04/08/2021 | 09/03/2021 | 1 | 775.00 | 05/01/2016 | English Books | ||||||
| Not For Loan | Central Library | Central Library | 05/10/2016 | 775.00 | 910 REF | B-159858 | 05/10/2016 | 2 | 775.00 | 05/10/2016 | English Books | Dewey Decimal Classification | Reference | |||||||
| Not For Loan | Central Library | Central Library | 05/10/2016 | 775.00 | 910 REF | B-159857 | 05/10/2016 | 3 | 775.00 | 05/10/2016 | English Books | Dewey Decimal Classification | Reference |
